<?xml version="1.0" encoding="UTF-8"?>
<collection xmlns="http://www.loc.gov/MARC21/slim">
 <record>
  <leader>03358caa a2200553   4500</leader>
  <controlfield tag="001">1464612005</controlfield>
  <controlfield tag="003">DE-627</controlfield>
  <controlfield tag="005">20210811023538.0</controlfield>
  <controlfield tag="007">cr cn 008aaaaa</controlfield>
  <controlfield tag="008">131023s1986    xx |||||oo    00| ||ger c</controlfield>
  <datafield tag="024" ind1="7" ind2=" ">
   <subfield code="a">urn:nbn:de:bsz:16-kb-112534</subfield>
   <subfield code="2">urn</subfield>
  </datafield>
  <datafield tag="024" ind1="7" ind2=" ">
   <subfield code="a">10.11588/kb.1986.2.11253</subfield>
   <subfield code="2">doi</subfield>
  </datafield>
  <datafield tag="035" ind1=" " ind2=" ">
   <subfield code="a">(DE-627)1464612005</subfield>
  </datafield>
  <datafield tag="035" ind1=" " ind2=" ">
   <subfield code="a">(DE-576)394612000</subfield>
  </datafield>
  <datafield tag="035" ind1=" " ind2=" ">
   <subfield code="a">(DE-599)BSZ394612000</subfield>
  </datafield>
  <datafield tag="035" ind1=" " ind2=" ">
   <subfield code="a">(OCoLC)1263314076</subfield>
  </datafield>
  <datafield tag="040" ind1=" " ind2=" ">
   <subfield code="a">DE-627</subfield>
   <subfield code="b">ger</subfield>
   <subfield code="c">DE-627</subfield>
   <subfield code="e">rakwb</subfield>
  </datafield>
  <datafield tag="041" ind1=" " ind2=" ">
   <subfield code="a">ger</subfield>
  </datafield>
  <datafield tag="084" ind1=" " ind2=" ">
   <subfield code="a">9,10</subfield>
   <subfield code="2">ssgn</subfield>
  </datafield>
  <datafield tag="100" ind1="1" ind2=" ">
   <subfield code="a">Vandenbroeck, Paul</subfield>
   <subfield code="d">1953-</subfield>
   <subfield code="0">(DE-588)143608940</subfield>
   <subfield code="0">(DE-627)647700611</subfield>
   <subfield code="0">(DE-576)164152660</subfield>
   <subfield code="4">aut</subfield>
  </datafield>
  <datafield tag="245" ind1="1" ind2="0">
   <subfield code="a">Über neuere Bosch-Literatur</subfield>
   <subfield code="b">Hammer-Tugendhat, Daniela, Hieronymus Bosch; Dixon, Laurinda S., Alchemical imagery in Bosch's Garden of delights; Bax, Dirk, Hieronymus Bosch and Lucas Cranach, two last judgement triptychs; Gibson, Walter S., Hieronymus Bosch; [Rezension]</subfield>
   <subfield code="c">Paul Vandenbroeck</subfield>
  </datafield>
  <datafield tag="264" ind1=" " ind2="1">
   <subfield code="c">1986</subfield>
  </datafield>
  <datafield tag="336" ind1=" " ind2=" ">
   <subfield code="a">Text</subfield>
   <subfield code="b">txt</subfield>
   <subfield code="2">rdacontent</subfield>
  </datafield>
  <datafield tag="337" ind1=" " ind2=" ">
   <subfield code="a">Computermedien</subfield>
   <subfield code="b">c</subfield>
   <subfield code="2">rdamedia</subfield>
  </datafield>
  <datafield tag="338" ind1=" " ind2=" ">
   <subfield code="a">Online-Ressource</subfield>
   <subfield code="b">cr</subfield>
   <subfield code="2">rdacarrier</subfield>
  </datafield>
  <datafield tag="533" ind1=" " ind2=" ">
   <subfield code="a">Online-Ausg.</subfield>
   <subfield code="b">Heidelberg</subfield>
   <subfield code="c">Univ.-Bibl.</subfield>
   <subfield code="d">2013</subfield>
   <subfield code="e">Online-Ressource</subfield>
   <subfield code="7">|2013||||||||||</subfield>
  </datafield>
  <datafield tag="583" ind1="1" ind2=" ">
   <subfield code="a">Archivierung/Langzeitarchivierung gewährleistet</subfield>
   <subfield code="2">pdager</subfield>
   <subfield code="5">DE-16</subfield>
  </datafield>
  <datafield tag="655" ind1=" " ind2="7">
   <subfield code="a">Rezension</subfield>
   <subfield code="0">(DE-588)4049712-4</subfield>
   <subfield code="0">(DE-627)106186019</subfield>
   <subfield code="0">(DE-576)209083166</subfield>
   <subfield code="2">gnd-content</subfield>
  </datafield>
  <datafield tag="689" ind1="0" ind2="0">
   <subfield code="d">u</subfield>
   <subfield code="0">(DE-588)4224628-3</subfield>
   <subfield code="0">(DE-627)104985291</subfield>
   <subfield code="0">(DE-576)210299630</subfield>
   <subfield code="a">Bosch, Hieronymus</subfield>
   <subfield code="d">1450-1516</subfield>
   <subfield code="t">Das jüngste Gericht</subfield>
   <subfield code="2">gnd</subfield>
  </datafield>
  <datafield tag="689" ind1="0" ind2="1">
   <subfield code="d">u</subfield>
   <subfield code="0">(DE-588)7520011-9</subfield>
   <subfield code="0">(DE-627)508557100</subfield>
   <subfield code="0">(DE-576)253421292</subfield>
   <subfield code="a">Cranach, Lucas</subfield>
   <subfield code="d">1472-1553</subfield>
   <subfield code="t">Das jüngste Gericht</subfield>
   <subfield code="2">gnd</subfield>
  </datafield>
  <datafield tag="689" ind1="0" ind2=" ">
   <subfield code="5">(DE-627)</subfield>
  </datafield>
  <datafield tag="773" ind1="0" ind2="8">
   <subfield code="i">In</subfield>
   <subfield code="t">Kritische Berichte</subfield>
   <subfield code="d">Marburg : Jonas-Verl., 1973</subfield>
   <subfield code="g">14(1986), 2, Seite 36-52</subfield>
   <subfield code="h">Online-Ressource</subfield>
   <subfield code="w">(DE-627)751049069</subfield>
   <subfield code="w">(DE-600)2722286-X</subfield>
   <subfield code="w">(DE-576)385942125</subfield>
   <subfield code="x">2197-7410</subfield>
   <subfield code="7">|||s</subfield>
  </datafield>
  <datafield tag="773" ind1="1" ind2="8">
   <subfield code="g">volume:14</subfield>
   <subfield code="g">year:1986</subfield>
   <subfield code="g">number:2</subfield>
   <subfield code="g">pages:36-52</subfield>
  </datafield>
  <datafield tag="787" ind1="0" ind2="8">
   <subfield code="i">Rezension von</subfield>
   <subfield code="a">Hammer-Tugendhat, Daniela, 1946 - </subfield>
   <subfield code="t">Hieronymus Bosch</subfield>
   <subfield code="d">München : Fink, 1981</subfield>
   <subfield code="h">256 S.</subfield>
   <subfield code="w">(DE-627)024247197</subfield>
   <subfield code="w">(DE-576)009963928</subfield>
   <subfield code="z">3770519604</subfield>
  </datafield>
  <datafield tag="787" ind1="0" ind2="8">
   <subfield code="i">Rezension von</subfield>
   <subfield code="a">Dixon, Laurinda S.</subfield>
   <subfield code="t">Alchemical imagery in Bosch's Garden of delights</subfield>
   <subfield code="d">Ann Arbor, Mich. : UMI Research Press, 1981</subfield>
   <subfield code="h">XXII, 225 S.</subfield>
   <subfield code="w">(DE-627)1105643026</subfield>
   <subfield code="w">(DE-576)035643021</subfield>
  </datafield>
  <datafield tag="787" ind1="0" ind2="8">
   <subfield code="i">Rezension von</subfield>
   <subfield code="a">Bax, Dirk</subfield>
   <subfield code="t">Hieronymus Bosch and Lucas Cranach, two last judgement triptychs</subfield>
   <subfield code="d">Amsterdam [u.a.] : North-Holland Publ., 1983</subfield>
   <subfield code="h">471 S.</subfield>
   <subfield code="w">(DE-627)161486215X</subfield>
   <subfield code="w">(DE-576)009147403</subfield>
   <subfield code="z">0444855459</subfield>
  </datafield>
  <datafield tag="787" ind1="0" ind2="8">
   <subfield code="i">Rezension von</subfield>
   <subfield code="a">Gibson, Walter S., 1932 - </subfield>
   <subfield code="t">Hieronymus Bosch</subfield>
   <subfield code="d">Boston, Mass. : Hall, 1983</subfield>
   <subfield code="h">XXXVI, 212 S</subfield>
   <subfield code="w">(DE-627)016342550</subfield>
   <subfield code="w">(DE-576)00985570X</subfield>
   <subfield code="z">0816183473</subfield>
  </datafield>
  <datafield tag="850" ind1=" " ind2=" ">
   <subfield code="a">aa</subfield>
  </datafield>
  <datafield tag="856" ind1="4" ind2="0">
   <subfield code="u">http://nbn-resolving.de/urn:nbn:de:bsz:16-kb-112534</subfield>
   <subfield code="x">Verlag</subfield>
   <subfield code="x">Resolving-System</subfield>
   <subfield code="z">kostenfrei</subfield>
   <subfield code="3">Volltext</subfield>
  </datafield>
  <datafield tag="856" ind1="4" ind2="0">
   <subfield code="u">http://dx.doi.org/10.11588/kb.1986.2.11253</subfield>
   <subfield code="x">Verlag</subfield>
   <subfield code="x">Resolving-System</subfield>
   <subfield code="z">kostenfrei</subfield>
   <subfield code="3">Volltext</subfield>
  </datafield>
  <datafield tag="935" ind1=" " ind2=" ">
   <subfield code="h">SWB</subfield>
   <subfield code="i">ld</subfield>
  </datafield>
  <datafield tag="936" ind1="u" ind2="w">
   <subfield code="d">14</subfield>
   <subfield code="j">1986</subfield>
   <subfield code="e">2</subfield>
   <subfield code="h">36-52</subfield>
  </datafield>
  <datafield tag="951" ind1=" " ind2=" ">
   <subfield code="a">AR</subfield>
  </datafield>
  <datafield tag="994" ind1=" " ind2=" ">
   <subfield code="u">https://journals.ub.uni-heidelberg.de/index.php/kb/article/download/11253/5114/17864</subfield>
  </datafield>
  <datafield tag="994" ind1=" " ind2=" ">
   <subfield code="u">https://journals.ub.uni-heidelberg.de/index.php/kb/article/download/11253/5114/17864</subfield>
  </datafield>
  <datafield tag="990" ind1=" " ind2=" ">
   <subfield code="a">Bosch, Hieronymus / Das jüngste Gericht</subfield>
  </datafield>
  <datafield tag="990" ind1=" " ind2=" ">
   <subfield code="a">Cranach, Lucas / Das jüngste Gericht</subfield>
  </datafield>
  <datafield tag="991" ind1=" " ind2=" ">
   <subfield code="a">Rezension (Monographie, Zeitschrift, Aufsatz)</subfield>
  </datafield>
  <datafield tag="999" ind1=" " ind2=" ">
   <subfield code="a">KXP-PPN1464612005</subfield>
   <subfield code="e">4002785963</subfield>
  </datafield>
 </record>
</collection>
